Normal view
MARC view
Entry Topical Term
001 - CONTROL NUMBER
- control field: 9339
003 - CONTROL NUMBER IDENTIFIER
- control field: BD-RjUL
005 - DATE AND TIME OF LATEST TRANSACTION
- control field: 20231003151736.0
008 - FIXED-LENGTH DATA ELEMENTS
- fixed length control field: 231003|| aca||aabn | a|a d
040 ## - CATALOGING SOURCE
- Original cataloging agency: BD-RjUL
- Transcribing agency: BD-RjUL
150 ## - HEADING--TOPICAL TERM
- Topical term or geographic name entry element: Education
- General subdivision: Mutual Funds
- Form subdivision: ICB
670 ## - SOURCE DATA FOUND
- Source citation: Work cat.: (BD-RjUL)82036: Islam, Md. Ashikul 9338, The Performance Evaluation of ICB Mutual Funds :, 2013